<?xml version="1.0" encoding="UTF-8"?>
<record
    xmlns:xsi="http://www.w3.org/2001/XMLSchema-instance"
    xsi:schemaLocation="http://www.loc.gov/MARC21/slim http://www.loc.gov/standards/marcxml/schema/MARC21slim.xsd"
    xmlns="http://www.loc.gov/MARC21/slim">

  <leader>00856na  a2200217   4500</leader>
  <controlfield tag="001">16994</controlfield>
  <controlfield tag="003">MIRAKIL</controlfield>
  <controlfield tag="005">20181213154830.0</controlfield>
  <controlfield tag="008">161020b        tu            000 0      </controlfield>
  <datafield tag="040" ind1=" " ind2=" ">
    <subfield code="a">Milas</subfield>
    <subfield code="b">tur</subfield>
    <subfield code="c">TR-AnCHP</subfield>
  </datafield>
  <datafield tag="041" ind1=" " ind2=" ">
    <subfield code="a">tur</subfield>
  </datafield>
  <datafield tag="082" ind1=" " ind2=" ">
    <subfield code="a">343.09940263</subfield>
    <subfield code="b">R79o 1996</subfield>
  </datafield>
  <datafield tag="090" ind1=" " ind2=" ">
    <subfield code="a">343.09940263 R79o 1996</subfield>
  </datafield>
  <datafield tag="110" ind1=" " ind2=" ">
    <subfield code="a">Radyo ve Televizyon &#xDC;st Kurulu (RT&#xDC;K)</subfield>
  </datafield>
  <datafield tag="245" ind1=" " ind2=" ">
    <subfield code="a">3984 say&#x131;l&#x131; radyo ve televizyonlar&#x131;n kurulu&#x15F; ve yay&#x131;nlar&#x131; hakk&#x131;nda kanun, y&#xF6;netmelikler ve tebli&#x11F;ler</subfield>
    <subfield code="c">Radyo ve Televizyon &#xDC;st Kurulu (RT&#xDC;K)</subfield>
  </datafield>
  <datafield tag="260" ind1=" " ind2=" ">
    <subfield code="a">Ankara</subfield>
    <subfield code="b">Radyo ve Televizyon &#xDC;st Kurulu (RT&#xDC;K)</subfield>
    <subfield code="c">1996</subfield>
  </datafield>
  <datafield tag="300" ind1=" " ind2=" ">
    <subfield code="a">268 s.</subfield>
    <subfield code="b">hrt.</subfield>
    <subfield code="c">27 sm.</subfield>
  </datafield>
  <datafield tag="610" ind1=" " ind2=" ">
    <subfield code="a">Radyo ve Televizyon &#xDC;st Kurulu (RT&#xDC;K)</subfield>
    <subfield code="x">Hukuk ve mevzuat</subfield>
    <subfield code="y">Kanunlar ve y&#xF6;netmelikler</subfield>
  </datafield>
  <datafield tag="650" ind1=" " ind2=" ">
    <subfield code="a">Telekom&#xFC;nikasyon</subfield>
    <subfield code="x">Hukuk ve mevzuat</subfield>
    <subfield code="y">Kanunlar ve y&#xF6;netmelikler</subfield>
    <subfield code="z">T&#xFC;rkiye</subfield>
  </datafield>
  <datafield tag="942" ind1=" " ind2=" ">
    <subfield code="2">ddc</subfield>
    <subfield code="c">BKS</subfield>
  </datafield>
  <datafield tag="952" ind1=" " ind2=" ">
    <subfield code="a">0001</subfield>
    <subfield code="b">0001</subfield>
    <subfield code="d">2016-10-20</subfield>
    <subfield code="e">2</subfield>
    <subfield code="l">0</subfield>
    <subfield code="o">343.09940263 R79o 1996</subfield>
    <subfield code="p">005439</subfield>
    <subfield code="r">2016-10-20 00:00:00</subfield>
    <subfield code="v">0.00</subfield>
    <subfield code="w">2016-10-20</subfield>
    <subfield code="y">BKS</subfield>
  </datafield>
  <datafield tag="999" ind1=" " ind2=" ">
    <subfield code="c">1643</subfield>
    <subfield code="d">1643</subfield>
  </datafield>
</record>
